000 03704nam0a2200421 4500
001 RU\NLR\BIBL_A\022139797
005 20260420001909.0
010 _a978-5-361-01169-8
_950
021 _aRU
_bКН-П-24-001804
_9КН-П-24-0153
035 _a(NLR Aleph) 022139797
035 _a(RuMoRGB)012507019
090 _a13658734
_c13658734
100 _a20240215d2023 u y0rusy50 ca
101 0 _arus
102 _aRU
105 _aa z 000yy
181 0 _ai
_baxxe
182 0 _an
200 1 _aМеханизация транспортных процессов в дорожном строительстве
_eучебное пособие для специальностей 08.05.02 "Строительство, эксплуатация, восстановление и техническое прикрытие автомобильных дорог, мостов и транспортных тоннелей", 23.05.01 "Наземные транспортно-технологические средства" и направлений подготовки 23.03.02 "Наземные транспортно-технологические комплексы", 23.04.02 "Наземные транспортно-технологические комплексы", 08.04.01 "Строительство"
_fА. А. Романович, В. А. Уваров, Т. Н. Орехова [и др.]
_gМинистерство науки и высшего образования Российской Федерации, Белгородский государственный технологический университет имени В. Г. Шухова
203 _aТекст
_bвизуальный
_cнепосредственный
210 _aБелгород
_cБГТУ
_d2023
215 _a133 с.
_cил.
_d21
300 _aАвт. указаны на обороте тит. с.
320 _aБиблиогр.: с. 133 (15 назв.)
330 _aВ учебном пособии рассматриваются основные понятия механизации транспортных процессов в дорожном строительстве с целью раскрыть роль и значение подъемно-транспортных машин в современных производственных условиях, дать студентам необходимые знания по их классификации, техническим характеристикам, конструкциям, основам расчета, проектирования и эксплуатации
606 _aДорожные машины
_jУчебные издания для высших учебных заведений
_91046082
_3RU\NLR\AUTH\6685559
606 1 _aПодъемно-транспортные машины
_jУчебные издания для высших учебных заведений
_92146686
_3RU\NLR\AUTH\661293243
686 1 _aО311-06-5я73-1
686 1 _aО91я73-1
701 1 _7ca
_8rus
_aРоманович
_bА. А.
_cд-р техн. наук
_gАлексей Алексеевич
_9191800
_3RU\NLR\AUTH\770191851
701 1 _7ca
_8rus
_aУваров
_bВ. А.
_gВалерий Анатольевич
_9249126
_3RU\NLR\AUTH\770249182
701 1 _aОрехова
_bТ.Н.
_gТатьяна Николаевна
712 0 2 _4475
_aБелгородский государственный технологический университет им. В. Г. Шухова
_9596079
_3RU\NLR\AUTH\8810048015
942 _cBOOK
980 _aNB